Statistiques concernant Pays les plus visités par les américains

Cliquez ici pour prendre le quiz!

Statistiques générales

  • Ce quiz a été pris 4,876 fois
  • Le résultat moyen est 14 sur 21

Statistiques - réponses

Milliers Pays % Correct
2 361France
100%
12 475Canada
98%
28 733Mexique
97%
1 312Espagne
96%
2 885Royaume-Uni
95%
2 033Italie
94%
1 770Chine
94%
885Japon
93%
1 771Allemagne
92%
1 082Inde
74%
787Irlande
70%
557Suisse
62%
1,509Pays-Bas
57%
1 115Bahamas
53%
689Colombie
48%
1 508Jamaïque
45%
2 787République dominicaine
44%
984Costa Rica
41%
820Philippines
29%
557Israël
26%
557Taïwan
22%

Distribution des résultats

Percentile by Number Answered

% des personnes avec chaque résultat

Votre développement - résultats

Vous n’avez pas pris ce quiz